Dienstgrade der Schweizer Armee - Statistiken

Allgemein
  • Dieses Quiz wurde 378 mal gespielt
    361 seit der letzten Aktualisierung
  • Das Durchschnittsergebnis liegt bei 16 aus 23
Antwortstatistiken
NATO Code Rank % Korrekt
OR-1 Soldat
93%
OF-1b Leutnant
90%
OF-9 General
87%
OR-2 Gefreiter
84%
OF-5 Oberst
84%
OF-3 Major
80%
OF-1a Oberleutnant
80%
OR-5 Wachtmeister
80%
OR-7 Feldweibel
78%
OR-3 Obergefreiter
78%
OF-2 Hauptmann
73%
OF-4 Oberstleutnant
73%
OR-4 Korporal
69%
OR-6 Oberwachtmeister
69%
OF-6 Brigadier
68%
OF-7 Divisionär
67%
OR-8 Fourier
66%
OF-8 Korpskommandant
63%
OR-8 Hauptfeldweibel
61%
OR-9a Adjutant Unteroffizier
57%
OR-9b Hauptadjutant
47%
OR-9a Stabsadjutant
47%
OR-9b Chefadjutant
46%
Keine übereinstimmenden Quizze gefunden
Verteilung der Resultate
Anzahl Personen mit jedem Resultat
Perzentil nach korrekt beantworteten Fragen
Ihre Resultats-Entwicklung
Sie haben dieses Quiz seit der letzten Aktualisierung nicht gespielt